Menaces Chinoises Sur L'asie

Na minha lista:
Detalhes bibliográficos
Autor principal: Suzanne Labin
Formato: Livro
Idioma:Undetermined
Publicado em: Paris La Table Ronde
Assuntos:
Tags: Adicionar Tag
Sem tags, seja o primeiro a adicionar uma tag!
Thư viện lưu trữ: Trung tâm Học liệu Trường Đại học Cần Thơ
LEADER 00447nam a2200169Ia 4500
001 CTU_92147
008 210402s9999 xx 000 0 und d
082 |a 951.05 
082 |b L112 
100 |a Suzanne Labin 
245 0 |a Menaces Chinoises Sur L'asie 
245 0 |c Suzanne Labin 
260 |a Paris 
260 |b La Table Ronde 
650 |a china relation asia 
904 |i Hiếu 
980 |a Trung tâm Học liệu Trường Đại học Cần Thơ